00675nam a2200205Ia 4500952014100000999001700141003000400158005001700162008004100179020001500220040000900235082002000244100002900264245006000293250001200353260003700365300000900402650001200411942004600423 00102ddc40708GRAaMESbMEScENGd2019-02-20g85.00l1o428.0076 BHA/Pp40021r2020-11-24 00:00:00s2020-11-23w2019-02-20yBKzGR8R5 c14954d14954OSt20201116095058.0190216s9999||||xx |||||||||||||| ||und|| a8121920922 coclc a428.0076bBHA/P aBhatia, Pravin S R96503 0aProfessional Communication Skills /cPravin S R Bhatia a3rd Ed. bS Chand & Co,c2005.aNew delhi: a249p aEnglish cBK2ddch428.0076iBHA/Pk428.0076mBHA/P